Damso ft. Hamza - BXL ZOO - Statistiques

Statistiques générales
  • Ce quiz a été pris 283 fois
  • Le résultat moyen est 295 sur 472
Statistiques - réponses
Réponse % Correct
à
99%
a
99%
l'
98%
d'
97%
c'
96%
C'
96%
de
96%
De
96%
j'
96%
J'
96%
la
95%
La
95%
ai
91%
Ca
91%
ca
91%
le
91%
Le
91%
ma
90%
Ma
90%
t'
89%
H
88%
moula
87%
qu'
86%
dans
84%
Dans
84%
du
83%
est
83%
longtemps
83%
fait
82%
n'
81%
suis
81%
côté
80%
lumière
80%
mais
80%
en
78%
mauvais
78%
Sa
78%
zoo
78%
Parlons
77%
parlons
77%
pluriel
77%
au
76%
un
76%
et
75%
BXL
73%
Dems
73%
les
73%
Les
73%
ta
73%
Ta
73%
basculé
72%
façon
70%
tout
70%
Tout
70%
vie
68%
ken
67%
va
67%
Des
65%
des
65%
Petit
65%
petit
65%
Ice
64%
ice
64%
berceau
62%
comme
62%
Mentalité
62%
mon
62%
putain
62%
moi
61%
ruelle
61%
te
61%
bien
60%
bouteilles
60%
faucheuse
60%
mood
60%
noir
60%
petite
60%
routine
60%
toujours
60%
briller
59%
carrosserie
59%
depuis
59%
je
59%
Envoie
57%
que
57%
cocaïne
56%
fais
56%
canon
55%
pour
55%
sauce
55%
amis
54%
haine
54%
peu
54%
Trop
54%
trop
54%
MC
53%
babe
52%
sort
52%
coller
51%
moins
51%
Solaar
51%
amour
50%
sur
50%
ADN
49%
lèvres
49%
qui
49%
Yeah
49%
yeah
49%
Bébé
48%
entre
48%
ghetto
48%
gue-dro
48%
meilleure
48%
pas
47%
son
47%
as
46%
okay
46%
vision
46%
dernière
45%
Desert
45%
escrocs
45%
lettres
45%
outillé
45%
Q7
45%
sera
45%
Baby
44%
bite
44%
chiffres
44%
love
43%
préfère
43%
tousse
43%
bigo
42%
hey
42%
plus
42%
village
42%
scié
41%
van
41%
chemin
40%
Eagle
40%
santé
40%
Balle
39%
connais
39%
jeunesse
39%
tieks
39%
crâne
38%
dealers
38%
Enzo
38%
Point
37%
commun
36%
leur
36%
mère
36%
perdue
36%
tè-j
36%
capote
35%
craquée
35%
Fendi
35%
gosse
35%
top
35%
dièses
34%
Louis
34%
Nique
34%
remplie
34%
horoscope
33%
craché
31%
Mbappé
31%
preuves
31%
sablier
31%
sable
30%
dollars
29%
gâtée
28%
trouvée
28%
Violet
28%
écrit
27%
euros
27%
molard
27%
camescope
24%
épinière
24%
Moelle
24%
che-bou
23%
coup
23%
Beaucoup
22%
beaucoup
22%
Taser
22%
ola
21%
avocats
20%
cartel
20%
dagues
19%
frères
19%
Ils
19%
ils
19%
salopes
19%
Bang
18%
bang
18%
Glock
18%
hallelujah
18%
illets-bi
17%
Quelques
17%
fuck
16%
sorti
16%
rage
15%
devergondées
14%
emploi
14%
faciès
14%
hasard
14%
Sans
14%
sont
14%
aucun
13%
Délit
13%
negros
13%
otage
13%
parlèrent
13%
carioca
12%
chattes
12%
hmm
12%
innocents
12%
te-sui
12%
gaz
11%
dansent
10%
pression
10%
incendiées
9%
mwah
9%
piou
9%
fâchés
8%
Floyd
8%
hommage
8%
mit
8%
monde
8%
flicaille
7%
sors
7%
verre
7%
de-spee
6%
matrqués
1%
zeu-di
1%
Aucun quiz correspondant
Distribution des résultats
% des personnes avec chaque résultat
Percentile par nombre de réponses
Votre historique - résultats
Vous n’avez pas pris ce quiz